| 000 | 00504cam a2200205 4500 | ||
|---|---|---|---|
| 008 | 090401t1992 xxu||||| |||| 00| 0 eng d | ||
| 020 | _a0419167609 | ||
| 035 | _a(Sirsi) u41040 | ||
| 041 | _aeng | ||
| 050 | _a333.78 | ||
| 100 | _aTorkildsen, George | ||
| 245 | _aLeisure and recreation management | ||
| 250 | _a3rd ed. | ||
| 260 |
_aLondon _bE. and F.N.Spon _c1992 |
||
| 300 | _axvi,464p. ; 23cm. | ||
| 350 | _a16.95 | ||
| 690 | _aLEISURE AND RECREATION | ||
| 942 | _n0 | ||
| 948 | _c04/03/1997 | ||
| 999 |
_c90901 _d90901 |
||